The China-Pakistan axis : (Record no. 593391)
[ view plain ]
| 000 -LEADER | |
|---|---|
| fixed length control field | 01485cam a2200361 i 4500 |
| 001 - CONTROL NUMBER | |
| control field | 19193780 |
| 005 - DATE AND TIME OF LATEST TRANSACTION | |
| control field | 20230221121640.0 |
| 008 - FIXED-LENGTH DATA ELEMENTS--GENERAL INFORMATION | |
| fixed length control field | 160727s2015 enk b 001 0 eng d |
| 010 ## - LIBRARY OF CONGRESS CONTROL NUMBER | |
| LC control number | 2016429212 |
| 020 ## - INTERNATIONAL STANDARD BOOK NUMBER | |
| International Standard Book Number | 9780190210755 |
| 020 ## - INTERNATIONAL STANDARD BOOK NUMBER | |
| International Standard Book Number | 1849043418 |
| 035 ## - SYSTEM CONTROL NUMBER | |
| System control number | (OCoLC)ocn902759603 |
| 040 ## - CATALOGING SOURCE | |
| Original cataloging agency | YDXCP |
| Language of cataloging | eng |
| Transcribing agency | YDXCP |
| Description conventions | rda |
| Modifying agency | UAB |
| -- | DLC |
| 042 ## - AUTHENTICATION CODE | |
| Authentication code | lccopycat |
| 043 ## - GEOGRAPHIC AREA CODE | |
| Geographic area code | a-cc--- |
| -- | a-pk--- |
| 050 00 - LIBRARY OF CONGRESS CALL NUMBER | |
| Classification number | DS740.5.P18 |
| Item number | S63 2015b |
| 082 04 - DEWEY DECIMAL CLASSIFICATION NUMBER | |
| Classification number | 327.5105491, SMA |
| Edition number | 23 |
| 100 1# - MAIN ENTRY--PERSONAL NAME | |
| Personal name | Small, Andrew, |
| Relator term | author. |
| 9 (RLIN) | 109332 |
| 245 14 - TITLE STATEMENT | |
| Title | The China-Pakistan axis : |
| Remainder of title | Asia's new geopolitics / |
| Statement of responsibility, etc. | Andrew Small. |
| 264 #1 - PRODUCTION, PUBLICATION, DISTRIBUTION, MANUFACTURE, AND COPYRIGHT NOTICE | |
| Place of production, publication, distribution, manufacture | Oxford ; |
| -- | New York : |
| Name of producer, publisher, distributor, manufacturer | Oxford University Press, |
| Date of production, publication, distribution, manufacture, or copyright notice | [2015] |
| 300 ## - PHYSICAL DESCRIPTION | |
| Extent | xvi, 319 pages ; |
| Dimensions | 23 cm |
| 336 ## - CONTENT TYPE | |
| Content type term | text |
| Content type code | txt |
| Source | rdacontent |
| 337 ## - MEDIA TYPE | |
| Media type term | unmediated |
| Media type code | n |
| Source | rdamedia |
| 338 ## - CARRIER TYPE | |
| Carrier type term | volume |
| Carrier type code | nc |
| Source | rdacarrier |
| 504 ## - BIBLIOGRAPHY, ETC. NOTE | |
| Bibliography, etc. note | A Friendship Forged by War (Page-1), Nuclear Fusion (Page-27), Re-hyphenating India (Page-47), The Chinese War on Terror (Page-67), The Trade Across the Roof of the World (Page-93), Tea with the Taliban (Page-117), Lord, Make them Leave- But Not Yet (Page-145). |
| 650 #0 - SUBJECT ADDED ENTRY--TOPICAL TERM | |
| Topical term or geographic name entry element | Geopolitics |
| Geographic subdivision | Pakistan. |
| 9 (RLIN) | 109333 |
| 651 #0 - SUBJECT ADDED ENTRY--GEOGRAPHIC NAME | |
| Geographic name | China |
| General subdivision | Foreign relations |
| Geographic subdivision | Pakistan. |
| 9 (RLIN) | 10160 |
| 651 #0 - SUBJECT ADDED ENTRY--GEOGRAPHIC NAME | |
| Geographic name | Pakistan |
| General subdivision | Foreign relations |
| Geographic subdivision | China. |
| 9 (RLIN) | 10159 |
| 651 #0 - SUBJECT ADDED ENTRY--GEOGRAPHIC NAME | |
| Geographic name | Pakistan |
| General subdivision | Strategic aspects. |
| 9 (RLIN) | 2023 |
| 906 ## - LOCAL DATA ELEMENT F, LDF (RLIN) | |
| a | 7 |
| b | cbc |
| c | copycat |
| d | 3 |
| e | ncip |
| f | 20 |
| g | y-gencatlg |
| 942 ## - ADDED ENTRY ELEMENTS (KOHA) | |
| Source of classification or shelving scheme | |
| Koha item type | Book |
| Withdrawn status | Lost status | Source of classification or shelving scheme | Damaged status | Not for loan | Permanent Location | Current Location | Shelving location | Date acquired | Total Checkouts | Full call number | Barcode | Date last seen | Date last checked out | Price effective from | Koha item type | Public note |
|---|---|---|---|---|---|---|---|---|---|---|---|---|---|---|---|---|
| Military College of Signals (MCS) | Military College of Signals (MCS) | General Stacks | 02/21/2023 | 1 | 327.5105491, SMA | MCS37618 | 05/30/2023 | 04/28/2023 | 02/21/2023 | Book | Almirah No.50, Shelf No.1 | |||||
| Military College of Signals (MCS) | Military College of Signals (MCS) | General Stacks | 02/21/2023 | 327.5105491, SMA | MCS37871 | 02/21/2023 | 02/21/2023 | Book | Almirah No.50, Shelf No.1 |
